000 00415nam a2200181Ia 4500
005 20250423094614.0
008 250422s9999 xx 000 0 und d
020 _a9780763833794
050 _aTP 248.2 .D38/
100 _aDaugherty, Ellyn
245 0 _aBiotechnology
260 _aSt. Paul
260 _bParadigm Publishers
260 _c2007
300 _a420 p
650 _aBiotechnology.
942 _cBK
999 _c27744
_d27744